00000000nam##2200000za#4500
0019.694070
003CaOODSP
00520240209132433
007cr |||||||||||
008150407|2005||||xxc|||||o    f|0| 0 eng|d
040 |aCaOODSP|beng
043 |an-cn---
0861 |aIu89-4/54-2005-2E-PDF
1102 |aAtlantic Canada Opportunities Agency.
24510|aRoundtable on improving competitiveness and productivity in Atlantic Canada. Appendix II, : |h[electronic resource]|bRoundtable participants
2461 |aAPCCC Roundtable on Competitiveness and Productivity - Roundtable Participants
260 |aGrand Falls-Windsor - Newfoundland and Labrador : |bAtlantic Canada Opportunities Agency |c[2005?].
300 |a7p.
500 |aAt head of title: Atlantic Provinces Community College Consortium (APCCC).
5203 |aThe Atlantic Provinces Community College Consortium (APCCC) coordinated a Roundtable to better understand issues impacting competitiveness and productivity, and to identify creative and innovative solutions/enhancements to improve the competitiveness and productivity of Atlantic Canada.
590 |a10-15-Supp|b2010-12-10
69007|aAtlantic provinces|2gcpds
69007|aCompetitiveness|2gcpds
69007|aProductivity|2gcpds
77508|tTable ronde sur les moyens d'améliorer la compétitivité et la productivité au Canada atlantique. Annexe II, : |w(CaOODSP)9.638247
7760#|tRoundtable on improving competitiveness and productivity in Atlantic Canada / |w(CaOODSP)9.651895
85640|ahttp://publications.gc.ca|qPDF|s121 KB|uhttps://publications.gc.ca/collections/collection_2010/apeca-acoa/Iu89-4-54-2005-2-eng.pdf